[Event "2nd Phase Olympiad Qualifiers 2020 - Ladies Section"]
[Site "Parklands Sports Club"]
[Date "2020.02.07"]
[Round "1"]
[Board "1"]
[White "Mwikali, Daphne"]
[Black "Ingado, Mercy"]
[Result "1-0"]
[WhiteElo "1537"]
[BlackElo "1224"]
[PlyCount "31"]
[EventDate "2020.02.07"]
[EventRounds "6"]
[EventCountry "KEN"]

1. c4 e5 2. g3 f5 3. Bg2 Nf6 4. Nc3 Bc5 5. d3 c6 6. Nf3 e4 7. dxe4 fxe4 8. Nd4
d5 9. cxd5 cxd5 10. O-O O-O 11. a3 Qb6 12. Na4 Qc7 13. Bf4 Bd6 14. Nb5 Qa5 15.
Nxd6 Nfd7 16. Nc3  1-0

[Event "2nd Phase Olympiad Qualifiers 2020 - Ladies Section"]
[Site "Parklands Sports Club"]
[Date "2020.02.07"]
[Round "1"]
[Board "2"]
[White "Shah, Janki Nipul"]
[Black "Mongeli, Sasha"]
[Result "0-1"]
[WhiteElo "1223"]
[BlackElo "1534"]
[PlyCount "82"]
[EventDate "2020.02.07"]
[EventRounds "6"]
[EventCountry "KEN"]

1. e4 e5 2. Nf3 Nf6 3. Nc3 d6 4. h3 Nc6 5. Bc4 Be7 6. d3 h6 7. Be3 Bd7 8. Qe2
Na5 9. Bb5 a6 10. Ba4 b5 11. Bb3 O-O 12. a3 Nxb3 13. cxb3 c5 14. O-O a5 15. Qc2
b4 16. axb4 axb4 17. Na4 Be6 18. Rfd1 Qb8 19. Nd2 Qb7 20. Nc4 Ra7 21. Ncb6 Nd7
22. Nxd7 Bxd7 23. Qc4 Be6 24. Qc2 f5 25. f3 Bh4 26. Bf2 Bg5 27. Rab1 Qf7 28.
Qe2 Bxb3 29. Re1 Rxa4 30. exf5 Qxf5 31. d4 exd4 32. Qb5 Be3 33. Qc6 Ra2 34.
Qxd6 Qc2 35. Kh2 Bf4+ 36. g3 Bxd6 37. Rbc1 Qxf2+ 38. Kh1 Bxg3 39. Rc2 Qxc2 40.
Kg1 Qf2+ 41. Kh1 Qh2#  0-1

[Event "2nd Phase Olympiad Qualifiers 2020 - Ladies Section"]
[Site "Parklands Sports Club"]
[Date "2020.02.07"]
[Round "1"]
[Board "3"]
[White "Awinja, Easter Judith"]
[Black "Ogaga Nicole Albright Shamira, "]
[Result "1-0"]
[WhiteElo "1473"]
[BlackElo "1213"]
[PlyCount "85"]
[EventDate "2020.02.07"]
[EventRounds "6"]
[EventCountry "KEN"]

1. e4 e5 2. f4 Nc6 3. Nf3 d6 4. Bc4 Bg4 5. Bxf7+ Kd7 6. c3 Qf6 7. Bxg8 Bxf3 8.
Qxf3 Rxg8 9. O-O Be7 10. d3 Raf8 11. Be3 exf4 12. Bxf4 Qg6 13. Qe2 Rf7 14. Nd2
Re8 15. d4 Bg5 16. Bxg5 Rxf1+ 17. Rxf1 Qxg5 18. Rf7+ Kc8 19. Nc4 Qg6 20. Rf4 d5
21. Nd2 Qg5 22. Rf5 Qg6 23. Rxd5 Ne7 24. Re5 Qf6 25. Nc4 Rf8 26. Ne3 Qd6 27.
Qg4+ Kb8 28. Qxg7 Nc8 29. Qxh7 Qa6 30. Rf5 Re8 31. Rf7 Qe2 32. Rf3 Nd6 33. e5
Qe1+ 34. Nf1 Ne4 35. Qd7 Rc8 36. e6 Nd2 37. Rf7 Nxf1 38. Rxf1 Qe3+ 39. Kh1 a6
40. h3 Qe2 41. Rf7 Qxb2 42. e7 Qe2 43. Rf8  1-0

[Event "2nd Phase Olympiad Qualifiers 2020 - Ladies Section"]
[Site "Parklands Sports Club"]
[Date "2020.02.07"]
[Round "1"]
[Board "4"]
[White "Karoki Christine Muthoni, "]
[Black "Mwendwa, Triza"]
[Result "0-1"]
[WhiteElo "1189"]
[BlackElo "1408"]
[PlyCount "92"]
[EventDate "2020.02.07"]
[EventRounds "6"]
[EventCountry "KEN"]

1. d4 d5 2. Nf3 Nf6 3. Bf4 Bf5 4. e3 e6 5. c3 c6 6. Bd3 Nbd7 7. Bxf5 exf5 8.
Qc2 Ne4 9. Qb3 Qb6 10. Qxb6 axb6 11. O-O Be7 12. Nbd2 f6 13. a4 O-O 14. Rfd1 b5
15. Nh4 g6 16. f3 Nd6 17. e4 fxe4 18. fxe4 Nxe4 19. Nxe4 dxe4 20. g3 Nb6 21.
Rd2 f5 22. Be5 Nc4 23. Re2 Nxe5 24. dxe5 Bxh4 25. gxh4 Rfe8 26. Rg2 Rad8 27. h5
Re6 28. Rf1 Kh8 29. hxg6 hxg6 30. h4 Rg8 31. Rd1 Rxe5 32. Rd7 Rg7 33. Rd6 Kh7
34. h5 gxh5 35. Rxg7+ Kxg7 36. Rd7+ Kf6 37. Rxb7 Re6 38. Rd7 e3 39. Kf1 Kg5 40.
b3 f4 41. Rd8 bxa4 42. bxa4 f3 43. Rg8+ Kf6 44. Rg1 Re4 45. a5 Ra4 46. Rg3 Ra1#
 0-1

[Event "2nd Phase Olympiad Qualifiers 2020 - Ladies Section"]
[Site "Parklands Sports Club"]
[Date "2020.02.07"]
[Round "1"]
[Board "5"]
[White "Madelta Glenda, "]
[Black "Wayuyu, Ann"]
[Result "1-0"]
[WhiteElo "1423"]
[BlackElo "1194"]
[PlyCount "86"]
[EventDate "2020.02.07"]
[EventRounds "6"]
[EventCountry "KEN"]

1. d4 Nf6 2. Nc3 d5 3. Bf4 a6 4. e3 e6 5. a3 Bd6 6. Bg5 h6 7. Bh4 Be7 8. Bd3
Nbd7 9. Nf3 O-O 10. Bxf6 Bxf6 11. h4 e5 12. Nxd5 exd4 13. Nxf6+ Nxf6 14. Nxd4
Re8 15. Qd2 Ng4 16. O-O-O c5 17. Nf3 Be6 18. Qe2 Qe7 19. Nh2 Ne5 20. Qh5 Nxd3+
21. Rxd3 b5 22. g4 f6 23. Nf3 Qf7 24. Qxf7+ Bxf7 25. g5 Bg6 26. Rd6 Be4 27. Rh3
Bxf3 28. Rxf3 fxg5 29. hxg5 Rf8 30. Rxf8+ Rxf8 31. gxh6 Rxf2 32. hxg7 a5 33.
Rd5 Rf1+ 34. Kd2 Rf2+ 35. Kc3 b4+ 36. axb4 axb4+ 37. Kd3 b3 38. Rxc5 bxc2 39.
Rxc2 Rf7 40. Re2 Kxg7 41. b4 Rd7+ 42. Ke4 Kf6 43. b5 Ke6  1-0

[Event "2nd Phase Olympiad Qualifiers 2020 - Ladies Section"]
[Site "Parklands Sports Club"]
[Date "2020.02.07"]
[Round "1"]
[Board "6"]
[White "Shile, Lily Robi"]
[Black "Ngima, Cheryl"]
[Result "0-1"]
[WhiteElo "1191"]
[BlackElo "1362"]
[PlyCount "116"]
[EventDate "2020.02.07"]
[EventRounds "6"]
[EventCountry "KEN"]

{[%evp 0,92,19,31,72,49,91,85,90,64,83,64,89,83,67,67,61,17,53,32,58,13,8,13,
22,31,31,35,40,40,22,36,21,-75,-75,-88,-50,-32,-36,-23,-32,-39,-49,-116,-89,
-113,-108,-108,-118,-201,-86,-186,-196,-208,-203,-275,-279,-293,-306,-597,-622,
-632,-627,-627,-426,-483,-490,-509,-501,-503,-466,-480,-495,-495,-529,-598,
-498,-588,-614,-692,-702,-789,-859,-1118,-1318,-1321,-2410,-29983,-29984,
-29985,-1951,-29983,-1769,-2670,-28659]} 1. e4 c5 2. Nc3 a6 3. Nf3 e6 4. d4
cxd4 5. Nxd4 Nc6 6. Be3 Qc7 7. a3 Nf6 8. Bd3 Be7 9. h3 d6 10. Qf3 Ne5 11. Qe2
b5 12. O-O O-O 13. f4 Nxd3 14. cxd3 Bb7 15. Rac1 Qd8 16. e5 dxe5 17. fxe5 Nd5
18. Nf3 Nxe3 19. Qxe3 Rc8 20. Kh1 h6 21. Rf2 Qd7 22. d4 Rc4 23. Rd1 Rfc8 24.
Rfd2 b4 25. Nb1 Bd5 26. Qd3 a5 27. Nh2 Bg5 28. Rf2 Rc1 29. Rxc1 Rxc1+ 30. Nf1
Bc4 31. Qe4 Rxf1+ 32. Rxf1 Bxf1 33. axb4 axb4 34. h4 Be7 35. Nd2 Bb5 36. Nf3
Bc6 37. Qf4 Qd8 38. h5 Qa8 39. b3 Bd5 40. Kh2 Bxb3 41. g4 Bd5 42. Nh4 Bxh4 43.
Kh3 Bg5 44. Qf2 Bh1 45. Qc2 Qg2+ 46. Qxg2 Bxg2+ 47. Kxg2 b3 48. Kf3 b2 49. Kg3
b1=Q 50. Kh3 Qd3+ 51. Kg2 Qe3 52. d5 exd5 53. e6 d4 54. exf7+ Kxf7 55. Kh1 Qe2
56. Kg1 d3 57. Kh1 d2 58. Kg1 d1=R#  0-1

[Event "2nd Phase Olympiad Qualifiers 2020 - Ladies Section"]
[Site "Parklands Sports Club"]
[Date "2020.02.07"]
[Round "1"]
[Board "7"]
[White "Mutisya, Julie"]
[Black "Njeri, Maureen Kirigo"]
[Result "1-0"]
[WhiteElo "1270"]
[BlackElo "1181"]
[PlyCount "112"]
[EventDate "2020.02.07"]
[EventRounds "6"]
[EventCountry "KEN"]

1. d4 d5 2. Bf4 c5 3. e3 cxd4 4. exd4 Nc6 5. Nf3 Bf5 6. c3 a6 7. Nbd2 e6 8. Be2
Nf6 9. Ne5 Bd6 10. g4 Bg6 11. h4 h6 12. Nxg6 fxg6 13. Be3 O-O 14. Qc2 Ne7 15.
g5 Nd7 16. gxh6 Nf5 17. Bg5 Be7 18. hxg7 Kxg7 19. Bxe7 Qxe7 20. O-O-O Nxd4 21.
Qd3 Nxe2+ 22. Qxe2 Rac8 23. Rdg1 Qf6 24. Qd3 Ne5 25. Qd4 Nc6 26. Qg4 Qf5 27. h5
Qxg4 28. Rxg4 Rf6 29. Nb3 Ne5 30. Rg5 Nd3+ 31. Kc2 Kh6 32. Rxg6+ Rxg6 33. hxg6+
Kxg6 34. Kxd3 Rf8 35. Ke3 b6 36. f4 Kf7 37. Rh7+ Kf6 38. Rb7 b5 39. Rb6 Rg8 40.
Nc5 Rg2 41. Nxe6 Rxb2 42. Nd4+ Kf7 43. Rxa6 b4 44. cxb4 Rxb4 45. Ra5 Rb2 46. a3
Ra2 47. f5 Ra1 48. Kf4 Kf6 49. Ra6+ Ke7 50. Ke5 Rf1 51. Ra7+ Kd8 52. Kxd5 Rc1
53. Kd6 Ke8 54. f6 Rf1 55. f7+ Rxf7 56. Rxf7 Kxf7  1-0

[Event "2nd Phase Olympiad Qualifiers 2020 - Ladies Section"]
[Site "Parklands Sports Club"]
[Date "2020.02.07"]
[Round "1"]
[Board "8"]
[White "Njeri Caroline, "]
[Black "Obondo, Cynthia Awino"]
[Result "0-1"]
[WhiteElo "1148"]
[BlackElo "1234"]
[PlyCount "78"]
[EventDate "2020.02.07"]
[EventRounds "6"]
[EventCountry "KEN"]

1. Nf3 Nf6 2. g3 e6 3. Bg2 d5 4. d4 c5 5. c3 Nc6 6. O-O Bd7 7. Bf4 Qb6 8. Qd2
Be7 9. Ne5 cxd4 10. Nxc6 Bxc6 11. cxd4 Rc8 12. Nc3 Bb4 13. a3 Be7 14. Rfe1 O-O
15. e4 dxe4 16. Nxe4 Rfd8 17. Be5 Ng4 18. Nd6 Bxd6 19. Qg5 Nxe5 20. dxe5 h6 21.
Qg4 Bxg2 22. exd6 Bd5 23. Re5 Rc2 24. Qf4 Qxb2 25. Rae1 Qc3 26. h4 Rxd6 27.
R5e3 Qc6 28. Kh2 Ba2 29. Rf3 Qd7 30. g4 Rdd2 31. Kh3 Bd5 32. Qb8+ Kh7 33. Rf4
Rxf2 34. Rxf2 Rxf2 35. Qe5 Rf3+ 36. Kh2 f6 37. Qd4 Qd6+ 38. Kg1 Qg3+ 39. Kh1
Rf1#  0-1

[Event "2nd Phase Olympiad Qualifiers 2020 - Ladies Section"]
[Site "Parklands Sports Club"]
[Date "2020.02.07"]
[Round "1"]
[Board "9"]
[White "Ronoh, Ednah"]
[Black "Kimwere, Annete"]
[Result "1-0"]
[WhiteElo "1214"]
[BlackElo "1029"]
[PlyCount "67"]
[EventDate "2020.02.07"]
[EventRounds "6"]
[EventCountry "KEN"]

1. e4 c5 2. Nf3 d6 3. d4 Nd7 4. Nc3 e6 5. Bc4 Be7 6. d5 e5 7. O-O Ngf6 8. Bg5
O-O 9. Re1 Qb6 10. b3 h6 11. Bh4 Qd8 12. Re3 Nb6 13. Bxf6 Bxf6 14. Bd3 Bg4 15.
h3 Bg5 16. hxg4 Bxe3 17. fxe3 Rc8 18. Qe2 a6 19. Nd1 Nd7 20. c4 g5 21. Nf2 Nf6
22. Nh2 Qd7 23. Nf1 Kg7 24. Ng3 Rh8 25. Nf5+ Kf8 26. Rf1 h5 27. Qf3 Rc7 28. Be2
Rg8 29. gxh5 g4 30. Nxg4 Rxg4 31. Nh6 Rxe4 32. Qxf6 Rxe3 33. Qh8+ Ke7 34. Rxf7#
 1-0

[Event "2nd Phase Olympiad Qualifiers 2020 - Ladies Section"]
[Site "Parklands Sports Club"]
[Date "2020.02.07"]
[Round "2"]
[Board "1"]
[White "Ngima, Cheryl"]
[Black "Mwikali, Daphne"]
[Result "1/2-1/2"]
[WhiteElo "1362"]
[BlackElo "1537"]
[PlyCount "89"]
[EventDate "2020.02.07"]
[EventRounds "6"]
[EventCountry "KEN"]

1. e4 e5 2. Nf3 d6 3. d4 Nd7 4. Nc3 Ngf6 5. Be2 Be7 6. h3 h6 7. Be3 O-O 8. Qd2
a6 9. O-O-O b5 10. dxe5 dxe5 11. Bd3 c5 12. Ne1 c4 13. Bf1 Qc7 14. g4 Nc5 15.
Nd5 Nxd5 16. exd5 Qd6 17. f4 Ne4 18. fxe5 Qxe5 19. Qh2 Ng3 20. Bd2 Ba3 21. c3
Bd6 22. Rg1 Ne4 23. Qxe5 Bxe5 24. Be3 Rd8 25. Bg2 Nd6 26. Nf3 Bf6 27. g5 hxg5
28. Bxg5 Bxg5+ 29. Nxg5 Bf5 30. Nf3 Re8 31. Nd4 Bd3 32. Rde1 Rxe1+ 33. Rxe1 Re8
34. Rxe8+ Nxe8 35. Nc6 Nd6 36. Nb4 Be4 37. Bxe4 Nxe4 38. Nxa6 f5 39. Nc7 Nd6
40. Kd2 Kf7 41. Ke3 Kf6 42. h4 Ke5 43. Ne6 g6 44. Nf4 Kf6 45. Ne6  1/2-1/2

[Event "2nd Phase Olympiad Qualifiers 2020 - Ladies Section"]
[Site "Parklands Sports Club"]
[Date "2020.02.07"]
[Round "2"]
[Board "2"]
[White "Mongeli, Sasha"]
[Black "Mutisya, Julie"]
[Result "1-0"]
[WhiteElo "1534"]
[BlackElo "1270"]
[PlyCount "91"]
[EventDate "2020.02.07"]
[EventRounds "6"]
[EventCountry "KEN"]

1. e4 d6 2. d4 Nf6 3. Nc3 g6 4. Nf3 Bg7 5. Bd3 Nc6 6. h3 e5 7. dxe5 Nxe5 8.
Nxe5 dxe5 9. Bb5+ Bd7 10. Bg5 c6 11. Bc4 h6 12. Be3 O-O 13. O-O Qc7 14. Qe2 b5
15. Bd3 Rfd8 16. Rfe1 Be6 17. b3 Rd7 18. Nd1 Rad8 19. Nb2 a6 20. Bc5 Bf8 21.
Qe3 Bxc5 22. Qxc5 Nh5 23. Rad1 Nf4 24. Bf1 Rxd1 25. Rxd1 Rxd1 26. Nxd1 Bc8 27.
Nb2 Ne6 28. Qc3 Qd6 29. Nd3 c5 30. Qxe5 Qxe5 31. Nxe5 b4 32. Bc4 Kg7 33. Bxe6
Bxe6 34. Nd3 c4 35. Nxb4 cxb3 36. axb3 a5 37. Nc6 a4 38. bxa4 Bd7 39. Nb4 Bxa4
40. Kf1 Kf6 41. Ke2 Ke5 42. Ke3 f5 43. f4+ Kd6 44. e5+ Kc5 45. Nd3+ Kc4 46.
Nb2+  1-0

[Event "2nd Phase Olympiad Qualifiers 2020 - Ladies Section"]
[Site "Parklands Sports Club"]
[Date "2020.02.07"]
[Round "2"]
[Board "3"]
[White "Obondo, Cynthia Awino"]
[Black "Awinja, Easter Judith"]
[Result "1/2-1/2"]
[WhiteElo "1234"]
[BlackElo "1473"]
[PlyCount "71"]
[EventDate "2020.02.07"]
[EventRounds "6"]
[EventCountry "KEN"]

1. d4 c5 2. e3 cxd4 3. exd4 d5 4. Bd3 Nf6 5. Nf3 Nc6 6. O-O Bg4 7. Be2 e6 8.
Nbd2 Be7 9. b3 O-O 10. h3 Bxf3 11. Nxf3 Ne4 12. Bb2 Rc8 13. c4 b6 14. Ne5 Na5
15. cxd5 Qxd5 16. Qd3 Nf6 17. Rac1 Qd6 18. Qa6 Qb8 19. Bf3 Bd6 20. Rfd1 Bxe5
21. dxe5 Rxc1 22. Rxc1 Nd7 23. b4 Nxe5 24. Bxe5 Qxe5 25. bxa5 bxa5 26. Qxa7 Qb2
27. Rc5 Qb1+ 28. Kh2 Qxa2 29. Rxa5 Qd2 30. Ra2 Qf4+ 31. Kh1 Qc1+ 32. Kh2 Qf4+
33. Kg1 Qc1+ 34. Kh2 Qf4+ 35. Kg1 Qc1+ 36. Kh2  1/2-1/2

[Event "2nd Phase Olympiad Qualifiers 2020 - Ladies Section"]
[Site "Parklands Sports Club"]
[Date "2020.02.07"]
[Round "2"]
[Board "6"]
[White "Francisca Kagwiria, "]
[Black "Shah, Janki Nipul"]
[Result "1-0"]
[WhiteElo "1227"]
[BlackElo "1223"]
[PlyCount "102"]
[EventDate "2020.02.07"]
[EventRounds "6"]
[EventCountry "KEN"]

1. e4 e5 2. Bc4 Nf6 3. d4 exd4 4. Nf3 Nxe4 5. Qxd4 Nf6 6. Nc3 Nc6 7. Qh4 Qe7+
8. Be3 Qd8 9. O-O-O Be7 10. Rde1 d6 11. Bg5 O-O 12. Bd3 h6 13. Bxh6 Nh7 14. Bg5
Bxg5+ 15. Nxg5 Qxg5+ 16. Qxg5 Nxg5 17. Nd5 Ne6 18. f4 Bd7 19. h4 Rfe8 20. h5
Ned4 21. Rxe8+ Rxe8 22. h6 gxh6 23. Nf6+ Kg7 24. Nxd7 Ne2+ 25. Kd2 Nxf4 26. Bf5
Re2+ 27. Kc3 Nd5+ 28. Kd3 Nf4+ 29. Kc3 Ne5 30. Nxe5 dxe5 31. g3 Nd5+ 32. Kd3
Re3+ 33. Kd2 Kf6 34. g4 Kg5 35. c4 Rf3 36. cxd5 Rf2+ 37. Kc1 f6 38. Rh5+ Kf4
39. Rxh6 Ke3 40. a3 Kd4 41. Rxf6 Kxd5 42. Be6+ Kd4 43. Rxf2 e4 44. Bb3 e3 45.
Re2 Kd3 46. Kd1 b6 47. g5 c5 48. g6 c4 49. Bc2+ Kd4 50. g7 a5 51. g8=Q b5  1-0

[Event "2nd Phase Olympiad Qualifiers 2020 - Ladies Section"]
[Site "Parklands Sports Club"]
[Date "2020.02.07"]
[Round "2"]
[Board "7"]
[White "Ingado, Mercy"]
[Black "Njeri Caroline, "]
[Result "1/2-1/2"]
[WhiteElo "1224"]
[BlackElo "1148"]
[PlyCount "103"]
[EventDate "2020.02.07"]
[EventRounds "6"]
[EventCountry "KEN"]

1. e4 e5 2. f4 Nc6 3. Nf3 d6 4. Bc4 exf4 5. O-O Nf6 6. Nc3 h6 7. d4 Be7 8. Bxf4
O-O 9. e5 dxe5 10. dxe5 Ng4 11. Qxd8 Rxd8 12. h3 Bc5+ 13. Kh1 Ne3 14. Bxe3 Bxe3
15. Nd5 Bb6 16. Rad1 Be6 17. Nxb6 axb6 18. Rxd8+ Rxd8 19. Bxe6 fxe6 20. c3 Rd5
21. Re1 g5 22. b4 Kg7 23. c4 Rd3 24. b5 Nb4 25. Re4 Nxa2 26. Ne1 Rd1 27. Kh2
Nb4 28. Nf3 Nc2 29. h4 Kg6 30. hxg5 hxg5 31. Rg4 Kf5 32. Rxg5+ Kf4 33. Rg6 Nd4
34. Nxd4 Rxd4 35. Rxe6 Rxc4 36. Re8 Re4 37. Re7 Rxe5 38. Rxc7 Rxb5 39. Rxb7 Rb2
40. Rf7+ Kg5 41. Kh3 b5 42. Rg7+ Kf6 43. Rg8 b4 44. g4 Rb1 45. Rb8 b3 46. Rb6+
Kg5 47. Rb5+ Kf4 48. g5 b2 49. Kg2 Rc1 50. Rxb2 Kxg5 51. Rb4 Rc2+ 52. Kg3
 1/2-1/2

[Event "2nd Phase Olympiad Qualifiers 2020 - Ladies Section"]
[Site "Parklands Sports Club"]
[Date "2020.02.07"]
[Round "2"]
[Board "9"]
[White "Njeri, Maureen Kirigo"]
[Black "Karoki Christine Muthoni, "]
[Result "1-0"]
[WhiteElo "1181"]
[BlackElo "1189"]
[PlyCount "73"]
[EventDate "2020.02.07"]
[EventRounds "6"]
[EventCountry "KEN"]

1. d4 Nf6 2. Bf4 e6 3. c4 d6 4. Nf3 g6 5. h3 Bg7 6. Nc3 O-O 7. e3 Nfd7 8. Be2
Nc6 9. O-O e5 10. Bh2 Re8 11. Qc2 exd4 12. Nd5 b6 13. Rad1 dxe3 14. Nxe3 Bb7
15. Nd5 Nce5 16. Rfe1 Rc8 17. b4 Bxd5 18. Nxe5 Nxe5 19. Rxd5 Re6 20. c5 bxc5
21. bxc5 Qg5 22. Kf1 Qe7 23. Red1 Rd8 24. cxd6 cxd6 25. Qa4 f5 26. Qa6 Nf7 27.
Bf4 Re8 28. R1d2 Qf6 29. f3 Qh4 30. Bxd6 Nxd6 31. Rxd6 R6e7 32. Rd8 Bc3 33.
Rxe8+ Kf7 34. Rxe7+ Kxe7 35. Qxa7+ Ke6 36. Qa6+ Ke5 37. Qd6#  1-0

[Event "2nd Phase Olympiad Qualifiers 2020 - Ladies Section"]
[Site "Parklands Sports Club"]
[Date "2020.02.07"]
[Round "2"]
[Board "11"]
[White "Kimwere, Annete"]
[Black "Shile, Lily Robi"]
[Result "0-1"]
[WhiteElo "1029"]
[BlackElo "1191"]
[PlyCount "52"]
[EventDate "2020.02.07"]
[EventRounds "6"]
[EventCountry "KEN"]

1. d4 d5 2. Bf4 Nf6 3. e3 a6 4. c3 Nc6 5. Nd2 Bf5 6. Ngf3 h6 7. Qb3 Rb8 8. Ne5
Nxe5 9. Bxe5 e6 10. Be2 Bd6 11. Bg3 Bxg3 12. hxg3 Qd6 13. Nf3 O-O 14. Ne5 c5
15. Kd1 cxd4 16. exd4 Nd7 17. f4 Nxe5 18. fxe5 Qb6 19. Qc2 f6 20. exf6 Rxf6 21.
b3 Qc7 22. Qd3 Rg6 23. Kd2 Rf8 24. Rh4 Bg4 25. Ke1 Bxe2 26. Qxe2 Qxg3+  0-1

[Event "2nd Phase Olympiad Qualifiers 2020 - Ladies Section"]
[Site "Parklands Sports Club"]
[Date "2020.02.08"]
[Round "3"]
[Board "1"]
[White "Madelta Glenda, "]
[Black "Francisca Kagwiria, "]
[Result "1-0"]
[WhiteElo "1423"]
[BlackElo "1227"]
[PlyCount "43"]
[EventDate "2020.02.07"]
[EventRounds "6"]
[EventCountry "KEN"]

1. d4 Nf6 2. Nc3 Nc6 3. Bf4 e6 4. a3 d5 5. Nf3 Ne7 6. Nb5 Ng6 7. Nxc7+ Ke7 8.
Bg3 Ne4 9. Nxa8 Nxg3 10. hxg3 Bd7 11. e3 Qxa8 12. Bd3 Ke8 13. Bxg6 fxg6 14. Ne5
Rg8 15. Qf3 Bb4+ 16. axb4 Rf8 17. Qg4 Qc8 18. c3 a6 19. Rxh7 Kd8 20. Qxg6 Kc7
21. Qxg7 Rd8 22. Qe7  1-0

[Event "2nd Phase Olympiad Qualifiers 2020 - Ladies Section"]
[Site "Parklands Sports Club"]
[Date "2020.02.08"]
[Round "3"]
[Board "2"]
[White "Awinja, Easter Judith"]
[Black "Mongeli, Sasha"]
[Result "0-1"]
[WhiteElo "1473"]
[BlackElo "1534"]
[PlyCount "114"]
[EventDate "2020.02.07"]
[EventRounds "6"]
[EventCountry "KEN"]

1. e4 e5 2. d4 exd4 3. Qxd4 Nc6 4. Qe3 d6 5. f3 g6 6. Nc3 Bg7 7. Bd2 Be6 8. a3
a6 9. O-O-O Qd7 10. Nge2 Bc4 11. Nf4 Bd4 12. Qe1 Ne5 13. Be3 Bxe3+ 14. Qxe3 Ne7
15. Bxc4 Nxc4 16. Qd4 Ne5 17. Ncd5 Nxd5 18. Nxd5 O-O-O 19. Qc3 Kb8 20. Rd4 Qc6
21. Qb3 a5 22. f4 Nd7 23. Rc4 Nc5 24. Qc3 b5 25. Rd4 Kb7 26. g3 Ne6 27. Qxc6+
Kxc6 28. Rd3 Kb7 29. Rhd1 Rhe8 30. Nf6 Nc5 31. Re3 Re6 32. e5 Rh8 33. b4 axb4
34. axb4 dxe5 35. fxe5 Na6 36. c3 Nb8 37. Rd5 Kb6 38. Kc2 h5 39. Rc5 c6 40.
Nd5+ cxd5 41. Rxd5 Nc6 42. Rd6 Rhe8 43. Rf3 Rxd6 44. exd6 Ne5 45. Re3 Kc6 46.
Kb3 Kxd6 47. c4 bxc4+ 48. Kc3 Ra8 49. Re4 Ra3+ 50. Kb2 Rb3+ 51. Kc2 Rxb4 52.
Rd4+ Kc5 53. Rd8 Rb6 54. Kc3 Rb3+ 55. Kc2 Rf3 56. Rc8+ Kd4 57. Rd8+ Ke4  0-1

[Event "2nd Phase Olympiad Qualifiers 2020 - Ladies Section"]
[Site "Parklands Sports Club"]
[Date "2020.02.08"]
[Round "3"]
[Board "3"]
[White "Obondo, Cynthia Awino"]
[Black "Mwendwa, Triza"]
[Result "1-0"]
[WhiteElo "1234"]
[BlackElo "1408"]
[PlyCount "69"]
[EventDate "2020.02.07"]
[EventRounds "6"]
[EventCountry "KEN"]

1. d4 d5 2. Nf3 Nf6 3. e3 Bf5 4. Be2 e6 5. O-O Bd6 6. b3 Nbd7 7. Bb2 Ne4 8.
Nbd2 c6 9. c4 Qf6 10. Rc1 Bb4 11. a3 Nxd2 12. Nxd2 Bxd2 13. Qxd2 Qg6 14. Bf3
dxc4 15. bxc4 Nb6 16. Qb4 Rb8 17. a4 Be4 18. Ba3 Kd7 19. Qe7+ Kc8 20. Bxe4 Qxe4
21. Bd6 Nd7 22. Bxb8 Nxb8 23. Rb1 Nd7 24. d5 exd5 25. Qxf7 dxc4 26. Rfd1 Nc5
27. Rb4 Qc2 28. Rdb1 Rd8 29. Qf3 Nb3 30. Qg4+ Rd7 31. Rf1 Na5 32. Qe6 c3 33.
Rd4 Qd2 34. Qxd7+ Kb8 35. Qd8#  1-0

[Event "2nd Phase Olympiad Qualifiers 2020 - Ladies Section"]
[Site "Parklands Sports Club"]
[Date "2020.02.08"]
[Round "3"]
[Board "4"]
[White "Ronoh, Ednah"]
[Black "Ngima, Cheryl"]
[Result "0-1"]
[WhiteElo "1214"]
[BlackElo "1362"]
[PlyCount "96"]
[EventDate "2020.02.07"]
[EventRounds "6"]
[EventCountry "KEN"]

1. e4 c5 2. Nf3 e6 3. d4 cxd4 4. Nxd4 Nf6 5. Bd3 a6 6. Nc3 Qc7 7. Nf3 Nc6 8.
Bg5 Be7 9. O-O O-O 10. Re1 d6 11. Bxf6 Bxf6 12. Qd2 b5 13. a3 Bb7 14. Rad1 Rfd8
15. Qf4 Rac8 16. Qe3 b4 17. axb4 Nxb4 18. Nd5 exd5 19. exd5 Nxd3 20. Rxd3 Qd7
21. c3 Re8 22. Qd2 Rxe1+ 23. Qxe1 Re8 24. Qd2 Qa4 25. h3 g6 26. Qh6 Bg7 27. Qh4
Qxh4 28. Nxh4 Re1+ 29. Kh2 Re2 30. Re3 Rxe3 31. fxe3 Bxd5 32. Kg3 Kf8 33. Kf2
Ke7 34. Ke2 Bf6 35. Nf3 Bxf3+ 36. gxf3 h5 37. Kd3 Ke6 38. Kc4 Bg5 39. f4 Bd8
40. Kd4 f5 41. Kc4 Bb6 42. Kd3 h4 43. Ke2 Kd5 44. Kd3 a5 45. b3 Ke6 46. c4 d5
47. cxd5+ Kxd5 48. Kc3 Bxe3  0-1

[Event "2nd Phase Olympiad Qualifiers 2020 - Ladies Section"]
[Site "Parklands Sports Club"]
[Date "2020.02.08"]
[Round "3"]
[Board "6"]
[White "Shile, Lily Robi"]
[Black "Ogaga Nicole Albright Shamira, "]
[Result "1-0"]
[WhiteElo "1191"]
[BlackElo "1213"]
[PlyCount "96"]
[EventDate "2020.02.07"]
[EventRounds "6"]
[EventCountry "KEN"]

1. e4 e5 2. Nf3 d6 3. d4 exd4 4. Nxd4 c5 5. Nf3 Be7 6. Bc4 Bg4 7. Qd5 Be6 8.
Bb5+ Nc6 9. Bxc6+ bxc6 10. Qxc6+ Bd7 11. Qd5 Nf6 12. Qd3 O-O 13. O-O Qb6 14.
Re1 Ng4 15. c4 Bf6 16. Nc3 Be6 17. h3 Ne5 18. Nxe5 dxe5 19. b3 Rad8 20. Qg3 Rd7
21. Bb2 Bxc4 22. Nd1 Rd3 23. Ne3 Qb8 24. Qh2 Be6 25. Ba3 Qb6 26. Rab1 Rfd8 27.
f4 c4 28. Bc1 cxb3 29. axb3 h6 30. Kh1 exf4 31. Qxf4 Bg5 32. Qf3 Bxb3 33. Qf2
Bxe3 34. Bxe3 Qg6 35. Qh4 a5 36. Rxb3 Rd1 37. Bb6 R1d2 38. g3 Rc8 39. Bxa5 Rf2
40. Rc3 Rb8 41. g4 Qxe4+ 42. Rxe4 Rb1+ 43. Rc1 Rxc1+ 44. Re1 Rcc2 45. Qd8+ Kh7
46. Bc7 Rfd2 47. Qe7 Kg6 48. Qe4+ Kg5  1-0

[Event "2nd Phase Olympiad Qualifiers 2020 - Ladies Section"]
[Site "Parklands Sports Club"]
[Date "2020.02.08"]
[Round "3"]
[Board "7"]
[White "Njeri, Maureen Kirigo"]
[Black "Wayuyu, Ann"]
[Result "1-0"]
[WhiteElo "1181"]
[BlackElo "1194"]
[PlyCount "136"]
[EventDate "2020.02.07"]
[EventRounds "6"]
[EventCountry "KEN"]

1. d4 c5 2. Nf3 cxd4 3. Nxd4 e5 4. Nf3 Nc6 5. Nc3 Nf6 6. Bg5 Be7 7. e3 Qc7 8.
Bb5 d6 9. O-O a6 10. Bxc6+ Qxc6 11. Qd2 h6 12. Bxf6 Bxf6 13. Nd5 Bd8 14. Rad1
O-O 15. Nb4 Qc7 16. Qxd6 Qxd6 17. Rxd6 Be7 18. Rb6 Bc5 19. Nd5 Be6 20. Rxe6
fxe6 21. Nc7 Rac8 22. Nxe6 Rfe8 23. Nxc5 Rxc5 24. c3 Rd8 25. g3 b5 26. e4 Rd3
27. Nh4 Rd2 28. Rb1 Rc4 29. f3 Rd3 30. Kg2 Rc8 31. Nf5 Kf7 32. f4 exf4 33. gxf4
Kf6 34. Ng3 Rcd8 35. e5+ Kf7 36. Ne4 Re3 37. Nd6+ Ke6 38. c4 bxc4 39. Nxc4 Re4
40. f5+ Kf7 41. Nd6+ Rxd6 42. exd6 Rd4 43. b4 Rxd6 44. Kf3 Rd5 45. Ke4 Rd2 46.
Rc1 Rxa2 47. h4 Ra4 48. Rc7+ Kf6 49. Rb7 h5 50. Rb6+ Kf7 51. Kd5 a5 52. b5 Rxh4
53. Ra6 a4 54. b6 Rb4 55. Ra7+ Kf6 56. b7 Kxf5 57. Kc6 Ke6 58. Ra8 Rc4+ 59. Kb5
Rc1 60. b8=Q Rb1+ 61. Kxa4 Rxb8 62. Rxb8 Kf6 63. Kb4 h4 64. Kc3 h3 65. Kd3 g5
66. Ke3 Kg6 67. Kf3 Kh5 68. Kg3 h2  1-0